Kärnten - Quiz - Statistiken

Allgemein
  • Dieses Quiz wurde 339 mal gespielt
  • Das Durchschnittsergebnis liegt bei 12 aus 20
Antwortstatistiken
Frage Antwort % Korrekt
Hauptstadt Klagenfurt
99%
Zweitgrößte Stadt Villach
94%
Größter See Wörthersee
90%
Längster Fluss, der von West nach Ost quer durch Kärnten fließt Drau
86%
Offizielle Landessprache (außer Deutsch) Slowenisch
85%
Höchster Berg, an der Grenze zu Tirol Großglockner
82%
Sänger von "Griechischer Wein" und "Merci Cherie" Udo Jürgens
75%
Hier können Sie unter anderem den Petersdom und das Taj Mahal besichtigen Minimundus
73%
Berühmter Brunnen in der Hauptstadt Lindwurmbrunnen
69%
Tiefster und zweitgrößter See Kärntens Millstätter See
58%
Größtes Brauchtumsfest Österreichs, in der oben gesuchten Stadt Villacher Kirchtag
58%
Größtes Skigebiet Kärntens Nassfeld
52%
Tal im Osten, das den Großteil des Bezirks Wolfsberg bildet, benannt nach einem Fluss Lavanttal
51%
Seit 1982 jährlich stattfindende Automobil-Veranstaltung in Reifnitz GTI-Treffen
48%
Berühmte Burg in St. Georgen am Längsee, die durch 14 Tore erreicht werden kann Burg Hochosterwitz
44%
Älteste Stadt Kärntens, die für ihre mittelalterlichen Bauwerke bekannt ist Friesach
41%
Gemeinde, in der das Dreiländereck Österreich-Italien-Slowenien liegt Arnoldstein
37%
Gebirgsgruppe, zu der unter anderem die Nockberge zählen Gurktaler Alpen
17%
Touristisch bedeudenter Alpenpass in diesem Gebirge, an der Grenze zur Steiermark Turracher Höhe
16%
Einer der höchsten frei fallenden Wasserfälle Europas, in der Gemeinde Gallizien Wildensteiner Wasserfall
13%
Keine übereinstimmenden Quizze gefunden
Verteilung der Resultate
Anzahl Personen mit jedem Resultat
Perzentil nach korrekt beantworteten Fragen
Ihre Resultats-Entwicklung
Sie haben dieses Quiz noch nicht gespielt